Nhà cải cách đầu tiên

সংরক্ষণ করুন:
গ্রন্থ-পঞ্জীর বিবরন
বিন্যাস: গ্রন্থ
ভাষা:Undetermined
বিষয়গুলি:
ট্যাগগুলো: ট্যাগ যুক্ত করুন
কোনো ট্যাগ নেই, প্রথমজন হিসাবে ট্যাগ করুন!
Thư viện lưu trữ: Trung tâm Học liệu Trường Đại học Cần Thơ
LEADER 00364nam a2200133Ia 4500
001 CTU_102279
008 210402s9999 xx 000 0 und d
082 |a 959.7092 
082 |b Nh100 
245 0 |a Nhà cải cách đầu tiên 
650 |a Vietnam 
650 |x History,Biography 
904 |i M.Loan 
980 |a Trung tâm Học liệu Trường Đại học Cần Thơ